Narrating the organization : dramas of institutional identity

Αποθηκεύτηκε σε:
Λεπτομέρειες βιβλιογραφικής εγγραφής
Κύριος συγγραφέας: Czarniawska-Joerges, Barbara
Μορφή: Βιβλίο
Γλώσσα:English
Δημοσίευση: Chicago : University of Chicago Press, 1997
Σειρά:New practices of inquiry
Θέματα:
Ετικέτες: Προσθήκη ετικέτας
Δεν υπάρχουν, Καταχωρήστε ετικέτα πρώτοι!

MARC

LEADER 00000nam a2200000 i 4500
001 1/53175
008 070830s1997 eng d
020 |a 0-226-13228-5 (hbk.) 
035 |l 10090215 
040 |a GR-MY-UA  |b gre  |e aacr 
041 0 |a eng 
082 0 |a 302.35  |2 (22) 
100 1 |a Czarniawska-Joerges, Barbara. 
245 1 0 |a Narrating the organization :  |b dramas of institutional identity /  |c Barbara Czarniawska 
260 |a Chicago :   |b University of Chicago Press,   |c 1997 
300 |a vii, 233σ.;  |c 24εκ. 
490 1 |a New practices of inquiry 
504 |a Βιβλιογραφία: σ. 213-226. Ευρετήριο. 
650 0 0 |a Organizational behavior. 
650 0 0 |a Public administration. 
650 0 0 |a Business and politics  |z Europe. 
650 0 0 |a Organizational behavior  |z Sweden  |x Case studies. 
830 0 |a New practices of inquiry 
852 |a INST  |b CHIOS  |e 20070830  |h 302.35 CZA  |p 005200025575  |q 005200025575  |t BK  |y 0 
901 |a BIBL2-2007-2 
909 |a Χ  |b 131173 
922 |a 2ΕΛΗ  |b 200707  |c ΕΠΕΑΕΚ2/ΤΔΕ  |d ΠΑΠΑΣΩΤΗΡΙΟΥ 
970 |a ΑΤΣΑΛΗ  |b ΔΕΣΠΟΙΝΑ  |z 2007/08/30